000 006720000a22001210004500
100 1 _aRestrepo, Javier Darío
245 1 0 _aDescubriendo al Resucitado.
300 _ano.27 (may. - jun., 2011), p. 8-10
520 _aSi la resurrección de Jesús no hubiera sido más que un milagro de un muerto revivido, no tendría para nosotros, en última instancia, interés alguno. No tendría más importancia que la reanimación, por la perícia de los médicos, de alguien clínicamente muerto. Para el mundo en su conjunto y para nuestra existencia nada hubiera cambiado.
650 1 4 _aRESURRECCIÓN
773 0 _tVida nueva: Una palabra comprometida en la iglesia
942 _cANA
999 _c63458
_d63458